[Event "British Columbia-ch"]
[Site "Vancouver"]
[Date "2018.10.07"]
[Round "4.4"]
[White "Kriventsov, Stanislav G"]
[Black "Bremner, William"]
[Result "1/2-1/2"]
[WhiteElo "2361"]
[BlackElo "2155"]
[PlyCount "192"]
[EventDate "2018.10.05"]
[EventType "tourn"]
[EventRounds "7"]
[EventCountry "CAN"]
[SourceTitle "EXT 2022"]
[Source "ChessBase"]
[SourceDate "2021.10.06"]
[SourceVersion "1"]
[SourceVersionDate "2021.10.06"]
[SourceQuality "1"]

1. e4 c6 2. d4 d5 3. Nc3 dxe4 4. Nxe4 Bf5 5. Ng3 Bg6 6. Bc4 e6 7. N1e2 Bd6 8. h4 h6 9. Nf4 Bxf4 10. Bxf4 Nf6 11. h5 Bh7 12. c3 Nbd7 13. Qe2 Nb6 14. Bb3 Nbd5 15. Be5 Qe7 16. a3 a5 17. 0-0 Nb6 18. c4 Nbd7 19. Bf4 0-0 20. Rfe1 Rfe8 21. Rad1 Qd8 22. Rd2 Qb6 23. Ba4 Qa6 24. Be5 Rac8 25. Rc1 Red8 26. Bf4 Nb6 27. Bb3 a4 28. Ba2 Qa5 29. Rcd1 Qa6 30. Be5 Nbd7 31. Bd6 Nb6 32. Be7 Rd7 33. Bxf6 gxf6 34. Qg4+ Kf8 35. Qf4 Kg7 36. Rc1 Qa5 37. c5 Nd5 38. Qg4+ Kh8 39. Re2 Rg8 40. Qf3 Kg7 41. Ne4 Bxe4 42. Qxe4 Qb5 43. Bc4 Qa5 44. Bd3 f5 45. Qe5+ Nf6 46. Bc4 Qc7 47. Qe3 Ng4 48. Qh3 Rxd4 49. f3 Qf4 50. Ree1 Rxc4 51. Rxc4 Qxc4 52. fxg4 Qxg4 53. Qxg4+ fxg4 54. Re4 Kf6 55. Rxa4 Kg5 56. Rb4 Rb8 57. a4 g3 58. Kf1 Ra8 59. Rxb7 Rxa4 60. Rxf7 Rc4 61. Rg7+ Kf4 62. Rf7+ Kg4 63. Rg7+ Kf4 64. Rf7+ Ke4 65. Rf3 Rc1+ 66. Ke2 Rc2+ 67. Kf1 Rxc5 68. Rxg3 Rxh5 69. Rc3 c5 70. Ke2 Re5 71. g3 Kd4+ 72. Kd2 c4 73. Rf3 Rf5 74. Ra3 Rf2+ 75. Kc1 Rg2 76. Ra6 Kd5 77. Ra5+ Kd4 78. Ra6 Re2 79. Rd6+ Kc5 80. Rd8 e5 81. Rh8 Rh2 82. g4 Rg2 83. Rxh6 Rxg4 84. Kd2 Rg3 85. Rh8 Rb3 86. Kc2 Kd4 87. Rd8+ Ke3 88. Rc8 Kd4 89. Rd8+ Kc5 90. Rc8+ Kd5 91. Rd8+ Ke4 92. Rc8 Rb4 93. Kc3 Rb3+ 94. Kc2 Kd5 95. Rd8+ Kc5 96. Rc8+ Kd4 1/2-1/2

[Event "CAN-ch U20 op"]
[Site "Toronto"]
[Date "2018.08.12"]
[Round "9.3"]
[White "Bremner, William"]
[Black "Zhong, Kevin"]
[Result "1-0"]
[WhiteElo "2198"]
[BlackElo "2016"]
[PlyCount "129"]
[EventDate "2018.08.08"]
[EventType "swiss"]
[EventRounds "9"]
[EventCountry "CAN"]
[SourceTitle "EXT 2022"]
[Source "ChessBase"]
[SourceDate "2021.10.06"]
[SourceVersion "1"]
[SourceVersionDate "2021.10.06"]
[SourceQuality "1"]

1. d4 d5 2. c4 e6 3. Nf3 c6 4. Qc2 Bd6 5. g3 f5 6. Bg2 Nf6 7. 0-0 0-0 8. b3 Qe7 9. Bb2 Nbd7 10. Qc1 Ne4 11. Ba3 Bxa3 12. Qxa3 Qf6 13. Qb2 g5 14. e3 g4 15. Ne1 h5 16. f3 Ng5 17. f4 Ne4 18. Bxe4 fxe4 19. Ng2 Rf7 20. Rc1 Nf8 21. Nh4 Ng6 22. Qf2 Bd7 23. c5 Kh8 24. Nd2 Rg8 25. Kh1 e5 26. Nxg6+ Rxg6 27. dxe5 Qxe5 28. Nf1 Qf6 29. Qe1 Kg8 30. Qc3 Qe7 31. Rc2 Rh7 32. Kg1 h4 33. Rg2 Rgh6 34. Kf2 hxg3+ 35. hxg3 Rh1 36. Rc1 Kf7 37. Qa5 Qf6 38. Qc3 Qf5 39. a4 Qf6 40. Qxf6+ Kxf6 41. Rg1 R1h3 42. Nd2 Bf5 43. Rg2 Rh2 44. Nf1 Rh1 45. b4 Rd7 46. Rd1 Rdh7 47. a5 b6 48. cxb6 axb6 49. Rc1 bxa5 50. Rxc6+ Be6 51. bxa5 Rb7 52. Rc2 Rb1 53. Rg1 Rh8 54. Nd2 Rb5 55. Ra1 Ra8 56. a6 Kf5 57. Rc7 Rb2 58. Ke2 Rh8 59. Ke1 Rh2 60. a7 Rbxd2 61. Rh7 Rhe2+ 62. Kf1 Rf2+ 63. Kg1 Rg2+ 64. Kh1 Ra2 65. a8Q 1-0

[Event "CAN-ch U18"]
[Site "Quebec"]
[Date "2018.07.03"]
[Round "3.3"]
[White "Bremner, William"]
[Black "Miller, Reuben"]
[Result "1-0"]
[WhiteElo "1889"]
[BlackElo "1596"]
[PlyCount "93"]
[EventDate "2018.07.02"]
[EventType "swiss"]
[EventRounds "7"]
[EventCountry "CAN"]
[SourceTitle "EXT 2022"]
[Source "ChessBase"]
[SourceDate "2021.10.06"]
[SourceVersion "1"]
[SourceVersionDate "2021.10.06"]
[SourceQuality "1"]

1. d4 Nf6 2. c4 c5 3. d5 e6 4. Nc3 exd5 5. cxd5 d6 6. e4 a6 7. a4 g6 8. Nge2 Bg7 9. Ng3 0-0 10. Be2 Re8 11. 0-0 b6 12. Bg5 h6 13. Be3 Bb7 14. Qd2 Kh7 15. Rab1 Nbd7 16. Rfc1 Rc8 17. f3 Ne5 18. Nh1 Qd7 19. Nf2 Qc7 20. Re1 Rb8 21. Rbc1 Bc8 22. b3 Qb7 23. Kh1 Bd7 24. Qd1 g5 25. Rb1 b5 26. axb5 axb5 27. b4 c4 28. Qd2 Ra8 29. Ra1 Ra6 30. Bd4 Ng6 31. Kg1 Rea8 32. Qb2 Nh5 33. Be3 Ngf4 34. Bf1 Be5 35. g3 Ng6 36. Bg2 Rxa1 37. Rxa1 Ra4 38. Rxa4 bxa4 39. Bf1 Qa6 40. Nfd1 Bb5 41. Qa2 Ng7 42. Nxb5 Qxb5 43. Qxc4 a3 44. Qxb5 a2 45. Qa4 a1Q 46. Qxa1 Bxa1 47. b5 1-0

[Event "British Columbia-ch U20"]
[Site "Richmond"]
[Date "2017.11.11"]
[Round "1.5"]
[White "Zhou, Aiden"]
[Black "Bremner, William"]
[Result "1-0"]
[WhiteElo "1942"]
[BlackElo "1547"]
[PlyCount "45"]
[EventDate "2017.11.11"]
[EventType "swiss"]
[EventRounds "5"]
[EventCountry "CAN"]
[SourceTitle "EXT 2022"]
[Source "ChessBase"]
[SourceDate "2021.10.06"]
[SourceVersion "1"]
[SourceVersionDate "2021.10.06"]
[SourceQuality "1"]

1. d4 Nf6 2. Bg5 c6 3. Bxf6 exf6 4. c4 d5 5. e3 dxc4 6. Bxc4 Be7 7. Nc3 0-0 8. Nf3 Qb6 9. Qc2 Bg4 10. h3 Bh5 11. Nh4 Nd7 12. g4 Bg6 13. Nxg6 hxg6 14. 0-0-0 Qb4 15. Bb3 a5 16. a3 Qb6 17. h4 Rfd8 18. Na4 Qc7 19. Qxg6 Rf8 20. h5 Kh8 21. Bxf7 Rxf7 22. Qxf7 Bf8 23. Nc5 1-0

[Event "CAN-ch U16"]
[Site "Sault Ste Marie"]
[Date "2017.07.06"]
[Round "2.19"]
[White "Guan, Zi Yu"]
[Black "Bremner, William"]
[Result "0-1"]
[WhiteElo "1478"]
[BlackElo "1104"]
[PlyCount "144"]
[EventDate "2017.07.06"]
[EventType "swiss"]
[EventRounds "7"]
[EventCountry "CAN"]
[SourceTitle "EXT 2022"]
[Source "ChessBase"]
[SourceDate "2021.10.06"]
[SourceVersion "1"]
[SourceVersionDate "2021.10.06"]
[SourceQuality "1"]

1. e4 c6 2. d4 d5 3. exd5 cxd5 4. c4 Nf6 5. Nc3 e6 6. a3 Be7 7. Nf3 0-0 8. Qc2 Qc7 9. Nb5 Qd8 10. Bf4 Na6 11. c5 Ne4 12. Bd3 Bd7 13. 0-0 Bxb5 14. Bxb5 Nb8 15. Bd3 Nf6 16. b4 Nbd7 17. b5 Re8 18. c6 bxc6 19. bxc6 Nb6 20. Ba6 Nh5 21. c7 Qd7 22. Ne5 Qd6 23. Bg3 Nxg3 24. fxg3 Bf6 25. Bb7 Bxe5 26. dxe5 Qxe5 27. Bxa8 Rxa8 28. Rac1 Nc4 29. a4 Qxc7 30. Qf2 Qb6 31. Rb1 Qxf2+ 32. Rxf2 a5 33. Rb7 Rf8 34. g4 g5 35. g3 Ne3 36. h3 Nc4 37. Kf1 f6 38. Re7 e5 39. Rd7 Rf7 40. Rd8+ Kg7 41. Ke2 Nb6 42. Rd6 Nxa4 43. Ra6 Nc3+ 44. Kd3 Ne4 45. Rc2 Nxg3 46. Rxa5 Rd7 47. Ke3 h5 48. Rcc5 d4+ 49. Kf3 h4 50. Rd5 Re7 51. Ra6 e4+ 52. Kf2 d3 53. Ke3 Nf1+ 54. Kf2 Nd2 55. Ra1 e3+ 56. Kg2 Nb3 57. Re1 d2 58. Re2 Nc1 59. Kf3 Nxe2 60. Kxe2 Kg6 61. Rd6 Kf7 62. Rd3 f5 63. gxf5 Kf6 64. Rd8 Kxf5 65. Rf8+ Kg6 66. Rd8 g4 67. Rd4 gxh3 68. Rxh4 Rd7 69. Rg4+ Kf5 70. Rg1 d1Q+ 71. Rxd1 Rxd1 72. Kxd1 h2 0-1